<?xml version="1.0" encoding="UTF-8"?><?xml-stylesheet type="text/xsl" href="static/style.xsl"?><OAI-PMH xmlns="http://www.openarchives.org/OAI/2.0/" xmlns:xsi="http://www.w3.org/2001/XMLSchema-instance" xsi:schemaLocation="http://www.openarchives.org/OAI/2.0/ http://www.openarchives.org/OAI/2.0/OAI-PMH.xsd"><responseDate>2026-04-17T03:50:48Z</responseDate><request verb="GetRecord" identifier="oai:www.recercat.cat:10230/45971" metadataPrefix="marc">https://recercat.cat/oai/request</request><GetRecord><record><header><identifier>oai:recercat.cat:10230/45971</identifier><datestamp>2025-12-22T13:41:30Z</datestamp><setSpec>com_2072_6</setSpec><setSpec>col_2072_452952</setSpec></header><metadata><record xmlns="http://www.loc.gov/MARC21/slim" xmlns:dcterms="http://purl.org/dc/terms/" xmlns:xsi="http://www.w3.org/2001/XMLSchema-instance" xmlns:doc="http://www.lyncode.com/xoai" xsi:schemaLocation="http://www.loc.gov/MARC21/slim http://www.loc.gov/standards/marcxml/schema/MARC21slim.xsd">
   <leader>00925njm 22002777a 4500</leader>
   <datafield ind2=" " ind1=" " tag="042">
      <subfield code="a">dc</subfield>
   </datafield>
   <datafield ind2=" " ind1=" " tag="720">
      <subfield code="a">López i Casasnovas, Guillem</subfield>
      <subfield code="e">author</subfield>
   </datafield>
   <datafield ind2=" " ind1=" " tag="260">
      <subfield code="c">2020-12-10T10:18:42Z</subfield>
   </datafield>
   <datafield ind2=" " ind1=" " tag="260">
      <subfield code="c">2020-12-10T10:18:42Z</subfield>
   </datafield>
   <datafield ind2=" " ind1=" " tag="260">
      <subfield code="c">2016</subfield>
   </datafield>
   <datafield ind2=" " ind1=" " tag="520">
      <subfield code="a">La preocupació recent per la redistribució de la renda al nostre país&#xd;
sobrepassa l’àmbit acadèmic, amb notables aportacions de Thomas&#xd;
Piketty’s Capital in the Twenty-First Century, François Bourguignon&#xd;
The Globalization of Inequality o Branco Milanovic’s Global Inequality:&#xd;
A New Approach for the Age of Globalization, i s’ha traslladat ja&#xd;
als nostres parlaments i al debat polític general. El tema és complex i té&#xd;
múltiples arestes. La ideologia darrere de redistribuir millor és diferent&#xd;
de la de redistribuir més. Si la qüestió és la distribució de la renda i de&#xd;
la riquesa, hauríem de centrar d’entrada el debat en la seva assignació&#xd;
inicial: la que procedeix del mercat.</subfield>
   </datafield>
   <datafield ind2="0" ind1="0" tag="245">
      <subfield code="a">A propòsit de la redistribució de la renda</subfield>
   </datafield>
</record></metadata></record></GetRecord></OAI-PMH>